Normal view
MARC view
- تحرير جونز ،واين ،جوديث اهرونهايم ،جوزفين كروفورد /مراجعة جمال الدين الفرماوي
Entry Personal Name
001 - CONTROL NUMBER
- control field: 27641
003 - CONTROL NUMBER IDENTIFIER
- control field: JO-AjAnu
005 - DATE AND TIME OF LATEST TRANSACTION
- control field: 20230606074707.0
008 - FIXED-LENGTH DATA ELEMENTS
- fixed length control field: 230606|| aca||aabn | a|a d
040 ## - CATALOGING SOURCE
- Original cataloging agency: JO-AjAnu
- Transcribing agency: JO-AjAnu
100 ## - HEADING--PERSONAL NAME
- Personal name: تحرير جونز ،واين ،جوديث اهرونهايم ،جوزفين كروفورد /مراجعة جمال الدين الفرماوي
670 ## - SOURCE DATA FOUND
- Source citation: Work cat.: (JO-AjAnu)14195: تحرير جونز ،واين ،جوديث اهرونهايم ،جوزفين كروفورد /مراجعة جمال الدين الفرماوي , author, تنظيم المعلومات على الشبكة العنكوبيتية العالمية الميتاداتا وقواعد الفهرسة الانجلو الامريكية